<?xml version="1.0" encoding="UTF-8"?>
<marc:record xmlns:marc="http://www.loc.gov/MARC21/slim">
   <marc:leader>00000nam a2200000 a 4500</marc:leader>
   <marc:datafield ind1="1" ind2=" " tag="100">
      <marc:subfield code="a">Matthaei, Bettina</marc:subfield>
      <marc:subfield code="4">ctb</marc:subfield>
      <marc:subfield code="e">Mitwirkende/-r</marc:subfield>
   </marc:datafield>
   <marc:datafield ind1="1" ind2=" " tag="100">
      <marc:subfield code="a">Boyny, Michael</marc:subfield>
      <marc:subfield code="4">ctb</marc:subfield>
      <marc:subfield code="e">Mitwirkende/-r</marc:subfield>
   </marc:datafield>
   <marc:datafield ind1=" " ind2=" " tag="653">
      <marc:subfield code="a">Curry</marc:subfield>
   </marc:datafield>
   <marc:datafield ind1=" " ind2=" " tag="653">
      <marc:subfield code="a">Softcover / Ratgeber/Essen</marc:subfield>
   </marc:datafield>
   <marc:datafield ind1=" " ind2=" " tag="653">
      <marc:subfield code="a">Trinken/Themenkochbücher</marc:subfield>
   </marc:datafield>
   <marc:datafield ind1=" " ind2=" " tag="653">
      <marc:subfield code="a">Kochbuch</marc:subfield>
   </marc:datafield>
   <marc:datafield ind1="0" ind2="0" tag="245">
      <marc:subfield code="a">Im 7. Curry-Himmel</marc:subfield>
   </marc:datafield>
   <marc:datafield ind1="0" ind2="0" tag="245">
      <marc:subfield code="c">Bettina Matthaei. [Fotos: Michael Boyny</marc:subfield>
   </marc:datafield>
   <marc:datafield ind1=" " ind2="1" tag="264">
      <marc:subfield code="a">Weil der Stadt</marc:subfield>
      <marc:subfield code="b">Hädecke</marc:subfield>
      <marc:subfield code="c">2009</marc:subfield>
   </marc:datafield>
   <marc:datafield ind1="1" ind2=" " tag="520">
      <marc:subfield code="a">Angaben aus der Verlagsmeldung

Im 7. Curry-Himmel / von Bettina Matthaei

Weltweit wird mit Curry gewürzt und dennoch ist es kein Allerweltsgewürz, denn keine Mischung gleicht der anderen. Ob Pulver oder Paste, die Vielfalt der Aromen von fein süßlich über kräftig würzig bis brennend scharf ist faszinierend.
Jenseits der klassischen thailändischen oder indischen Rezepte eröffnen sich neue Perspektiven mit feinen leichten Gerichten, von alltagstauglich und schnell bis edel für besondere Anlässe. Deutsche und internationale Küchenklassiker werden mit Curry neu definiert. Moderne Abwandlungen indischer oder karibischer Curries bieten aufregende und überraschende Geschmackserlebnisse.
Eine Warenkunde und Rezepte für selbstgemachte Mischungen und Pasten, abgestimmt auf Fisch, Geflügel, Fleisch, Gemüse, Früchte, Pasta oder Reis und sogar für Süßes schaffen die Grundlagen die neue Curry-Küche!
</marc:subfield>
   </marc:datafield>
   <marc:datafield ind1=" " ind2=" " tag="020">
      <marc:subfield code="a">9783775005692</marc:subfield>
      <marc:subfield code="9">9783775005692</marc:subfield>
   </marc:datafield>
   <marc:datafield ind1=" " ind2=" " tag="041">
      <marc:subfield code="a">ger</marc:subfield>
   </marc:datafield>
   <marc:datafield ind1=" " ind2=" " tag="300">
      <marc:subfield code="a">151 S.</marc:subfield>
   </marc:datafield>
</marc:record>
